| 000 | 00374nam a2200109Ia 4500 | ||
|---|---|---|---|
| 008 | 171204s9999 xx 000 0 und d | ||
| 245 | _aSoups & Stews 101: Master Soups And Stews With 101 Great Recipes | ||
| 245 | _cKate DeVivo | ||
| 260 | _c2013 | ||
| 650 | _xCulinary Arts & Sciences with Lab | ||
| 856 | _uhttp://down.ebook777.com/028/Sou&Ste101MasSouAndSteWit101GreRec.pdf | ||
| 999 |
_c346630 _d346630 |
||